Tanah-tanih (Record no. 157734)

MARC details
000 -LEADER
fixed length control field 00754nam a2200277 i 4500
001 - CONTROL NUMBER
control field C2-0207032
003 - CONTROL NUMBER IDENTIFIER
control field PPAK
005 - DATE AND TIME OF LATEST TRANSACTION
control field 20180728101642.0
008 - FIXED-LENGTH DATA ELEMENTS--GENERAL INFORMATION
fixed length control field 990304s1996 my a|||| ||||| | may d
020 ## - INTERNATIONAL STANDARD BOOK NUMBER
International Standard Book Number 9830551407
040 ## - CATALOGING SOURCE
Original cataloging agency PPAK
Language of cataloging eng
Transcribing agency PPAK
Description conventions rda
082 04 - DEWEY DECIMAL CLASSIFICATION NUMBER
Classification number 631.4
Edition number 23
090 00 - LOCALLY ASSIGNED LC-TYPE CALL NUMBER (OCLC); LOCAL CALL NUMBER (RLIN)
Classification number (OCLC) (R) ; Classification number, CALL (RLIN) (NR) 631.4
Feature heading JAS
Feature heading K
100 0# - MAIN ENTRY--PERSONAL NAME
Personal name Jasman Ahmad,
Relator term author
245 10 - TITLE STATEMENT
Title Tanah-tanih
264 #1 - PRODUCTION, PUBLICATION, DISTRIBUTION, MANUFACTURE, AND COPYRIGHT NOTICE
Place of production, publication, distribution, manufacture Petaling Jaya, Selangor :
Name of producer, publisher, distributor, manufacturer Penerbit Pinang ,
Date of production, publication, distribution, manufacture, or copyright notice 1996
300 ## - PHYSICAL DESCRIPTION
Extent 36 pages :
Other physical details illustrations ;
Dimensions 21 cm
336 ## - CONTENT TYPE
Source rdacontent
Content type term text
337 ## - MEDIA TYPE
Source rdamedia
Media type term unmediated
338 ## - CARRIER TYPE
Source rdacarrier
Carrier type term volume
490 1# - SERIES STATEMENT
Series statement Siri Aspek-aspek Geografi
650 10 - SUBJECT ADDED ENTRY--TOPICAL TERM
Topical term or geographic name entry element Soil geography
700 ## - ADDED ENTRY--PERSONAL NAME
Relator term author
830 #0 - SERIES ADDED ENTRY--UNIFORM TITLE
Uniform title Siri Aspek-aspek Geografi
942 ## - ADDED ENTRY ELEMENTS (KOHA)
-- dc
Koha item type Book
Holdings
Withdrawn Not for loan Current library Shelving location Date acquired Full call number Barcode Date last seen Koha item type
    Perpustakaan Alor Setar Pinjaman Kanak-kanak 04/03/1999 K 631.4 JAS A00247685 01/06/2018 Book
    Perpustakaan Alor Setar Pinjaman Kanak-kanak 04/03/1999 K 631.4 JAS A00247686 01/06/2018 Book
    Perpustakaan Jitra Pinjaman Kanak-kanak 04/03/1999 K 631.4 JAS A00247689 01/06/2018 Book
    Perpustakaan Jitra Pinjaman Kanak-kanak 04/03/1999 K 631.4 JAS A00247690 01/06/2018 Book
    Perpustakaan Yan Pinjaman Kanak-kanak 04/03/1999 K 631.4 JAS A00247693 01/06/2018 Book
    Perpustakaan Yan Pinjaman Kanak-kanak 04/03/1999 K 631.4 JAS A00247694 01/06/2018 Book